000 00419nam a2200181Ia 4500
001 25375
005 20260414151145.0
008 260414t2008||||xx |||||||||||||| ||spa||
041 _aESP
082 _a346.5
_bH56R
100 _aHinestrosa, Fernando
_eAUT
245 0 _aLa representación
_b
260 _c2008
300 _a602 páginas :
_c24 cm.
650 _aDER
654 _aCDE
942 _cLIB
_dJUS
_fJUS
_2ddc
_n
999 _c25375
_d25375